Szczegóły MARC21

Nowoczesne zasady odżywiania : przełomowe badanie wpływu żywienia na zdrowie /

003 -Nazwa inst., której nr kontr. jest w polu 001 [,]
    • @
    • Nazwa instytucji, której n kontrolny jest w polu 001
    • NUKAT
005 -DATA I CZAS OSTATNIEJ MODYFIKACJI [,]
    • @
    • pole kontrolne
    • 20241231110216.0
020 -Międzynarod. znormalizowany nr książki - ISBN [ , ]
    • a
    • Numer ISBN
    • 9788375796087 Find
020 -Międzynarod. znormalizowany nr książki - ISBN [ , ]
    • a
    • Numer ISBN
    • 9781941631560 Find
    • q
    • Dopowiedzenie
    • oryginał
040 -Instytucja sporządzająca opis [ , ]
    • a
    • Instytucja, która sporządziła opis (NP)
    • LUBL 58/RL
    • b
    • Język katalogowania
    • pol
    • e
    • Zasady katalogowania
    • rda
    • c
    • Instytucja, która sporządziła rekord (NP)
    • LUBL 58/RL
    • d
    • Instytucja, która zmodyfikowała rekord (P)
    • LUBL 58/RL
041 -Język dokumentu [1, ]
    • a
    • Język tekstu (P)
    • polski
    • h
    • Język tekstu oryginalnego i/lub pośredniego (P)
    • angielski
942 -Rodzaj dokumentu [ , ]
    • c
    • Rodzaj dokumentu
    • Książka
100 -Hasło główne - nazwa osobowa [1, ]
    • a
    • Nazwa osobowa (NP)
    • Campbell, T. Colin
    • d
    • Daty biograficzne (NP)
    • (1934- ).
    • e
    • Rodzaj współpracy
    • Autor
    • 9
    • KHW
    • 494293
240 -Tytuł ujednolicony [1,0]
    • a
    • Tytuł ujednolicony
    • China study
    • l
    • Język tekstu
    • (pol.)
    • 9
    • KHW
    • 501365
245 -Strefa tytułu i oznaczenia odpowiedzialności [1,0]
    • a
    • Tytuł
    • Nowoczesne zasady odżywiania : Find
    • b
    • Ciąg dalszy tytułu (NP)
    • przełomowe badanie wpływu żywienia na zdrowie / Find
    • c
    • Pozostałe elementy strefy tytułu i oznaczenia odpowiedzialności (NP)
    • T. Colin Campbell, Thomas M. Campbell II ; przekład Marta Paciorkowska, Jerzy Bokłażec.
250 -Strefa wydania [ , ]
    • a
    • Oznaczenie wydania (NP)
    • Wydanie II rozszerzone i uaktualnione, dodruk.
260 -Strefa adresu wydawniczego [ , ]
    • a
    • Miejsce wydania (P)
    • Łódź :
    • b
    • Nazwa wydawcy (P)
    • Galaktyka,
    • c
    • Data wydania (P)
    • 2018.
300 -Strefa opisu fizycznego [ , ]
    • a
    • Określenie formy książki i/lub objętość (NP)
    • [4], 444 strony :
    • b
    • Oznaczenie ilustracji (NP)
    • ilustracje ;
    • c
    • Format (NP)
    • 24 cm.
336 -Typ zawartości [ , ]
    • a
    • Termin opisujący typ zawartości
    • Tekst
    • b
    • Kod określający zawartość
    • txt
    • 2
    • Źródło (terminu i kodu)
    • rdacontent
337 -Typ mediów [ , ]
    • a
    • Tryb odtwarzania
    • Bez urządzenia pośredniczącego
    • b
    • Kod typu mediów
    • n
    • 2
    • Źródło (terminu i kodu)
    • rdamedia
338 -Typ/rodzaj nośnika [ , ]
    • a
    • Hasło opisujące typ nośnika
    • Wolumin
    • b
    • Kod typu nośnika
    • nc
    • 2
    • Źródło (terminu i kodu)
    • rdacarrier
500 -Uwaga ogólna [ , ]
    • a
    • Uwaga ogólna (NP)
    • Tytuł oryginału: The China study.
504 -Uwaga dot. bibliogr. załącznikowej [ , ]
    • a
    • Uwaga dot. bibliografii załącznikowej
    • Indeks.
650 -Hasło przedmiotowe [ ,7]
    • a
    • Hasło przedmiotowe
    • Choroby z niewłaściwego żywienia.
    • 2
    • Źródło terminu
    • kaba
    • 9
    • KHW
    • 151872
650 -Hasło przedmiotowe [ ,7]
    • a
    • Hasło przedmiotowe
    • Dietoterapia.
    • 2
    • Źródło terminu
    • kaba
    • 9
    • KHW
    • 106057
650 -Hasło przedmiotowe [ ,7]
    • a
    • Hasło przedmiotowe
    • Odżywianie.
    • 2
    • Źródło terminu
    • kaba
    • 9
    • KHW
    • 122112
650 -Hasło przedmiotowe [ ,7]
    • a
    • Hasło przedmiotowe
    • Zaburzenia metabolizmu.
    • 2
    • Źródło terminu
    • kaba
    • 9
    • KHW
    • 137202
650 -Hasło przedmiotowe [ ,7]
    • a
    • Hasło przedmiotowe
    • Żywienie
    • x
    • Określnik rzeczowy
    • aspekt zdrowotny.
    • 2
    • Źródło terminu
    • kaba
    • 9
    • KHW
    • 385010
700 -Hasło dodatkowe - nazwa osobowa [1, ]
    • a
    • Nazwa osobowa (NP)
    • Campbell, Thomas M. Find
    • e
    • Określenie rodzaju współpracy
    • Autor
    • 9
    • KHW
    • 494367
700 -Hasło dodatkowe - nazwa osobowa [1, ]
    • a
    • Nazwa osobowa (NP)
    • Paciorkowska, Marta. Find
    • e
    • Określenie rodzaju współpracy
    • Tłumaczenie
    • 9
    • KHW
    • 494926
700 -Hasło dodatkowe - nazwa osobowa [1, ]
    • a
    • Nazwa osobowa (NP)
    • Bokłażec, Jerzy Find
    • d
    • Daty biograficzne (NP)
    • (19..-2022).
    • e
    • Określenie rodzaju współpracy
    • Tłumaczenie
    • 9
    • KHW
    • 68202
710 -Hasło dodatkowe - nazwa ciała zbiorowego [2, ]
    • a
    • Nazwa ciała zbiorowego lub nazwa geograficzna jako pierwszy element (NP)
    • Galaktyka.
    • e
    • Rodzaj współpracy
    • Wydawca
    • 4
    • Kod relacji
    • pbl
    • 9
    • KHW
    • 78322
920 -ISBN [ , ]
    • a
    • ISBN
    • 978-83-7579-608-7 Find
920 -ISBN [ , ]
    • a
    • ISBN
    • 978-1-941631-56-0 Find
    • q
    • Dopowiedzenie
    • oryginał
Sygnatura Status udost. Lokalizacja Data inwentaryzacji Numer inwentarzowy
Żywienie, nadwaga 711BM2019-06-26WF.10462